000 01020nam a2200265 i 4500
001 105054
003 ES-MaACL
005 20251015063112.0
007 t|
008 060607s1967 sp ||||1| spa d
080 _a74 Mercadé, Jaime (083.82)
100 1 _aMercadé, Jaume,
_d1889-1967
_980416
245 1 0 _aJaime Mercadé
_b: [exposición "Homenaje a Jaime Mercadé", Círculo Artístico de Barcelona, marzo de 1967] /
_c[texto: Carlos Areán].
260 _a[Madrid] :
_bPublicaciones Españolas,
_c[1967]
300 _a[20] p. :
_bil. ;
_c23 cm.
490 1 _aCuadernos de arte. Serie divulgación ;
_v76
600 1 4 _aMercadé, Jaume,
_d1889-1967-
_vExposiciones
_980417
655 7 _2tgfbne
_9193628
_aCatálogos de exposiciones
700 1 _aAreán, Carlos,
_d1921-1996
_922562
710 2 _aCírculo Artístico de Barcelona.
_92810
830 0 _aCuadernos de arte. Serie divulgación ;
_v76
_9184876
852 _aES-MaACL
_j2204-F-42
_bR.137553
942 _2udc
999 _c105054
_d105054